Braid and knot theory in dimension four
Αποθηκεύτηκε σε:
| Κύριος συγγραφέας: | |
|---|---|
| Μορφή: | Βιβλίο |
| Γλώσσα: | English |
| Δημοσίευση: |
Providence, RI :
American Mathematical Society,
2002
|
| Σειρά: | Mathematical surveys and monographs ;
; 95 |
| Θέματα: | |
| Ετικέτες: |
Προσθήκη ετικέτας
Δεν υπάρχουν, Καταχωρήστε ετικέτα πρώτοι!
|
MARC
| LEADER | 00000nam a2200000 i 4500 | ||
|---|---|---|---|
| 001 | 1/59285 | ||
| 008 | 071018s2002 eng d | ||
| 020 | |a 0-8218-2969-6 | ||
| 035 | |l 10091633 | ||
| 040 | |a GR-MY-UA |b gre |e aacr | ||
| 041 | 0 | |a eng | |
| 082 | 0 | |a 514.224 |2 (22) | |
| 100 | 1 | |a Kamada, Seiichi |d 1964- | |
| 245 | 1 | 0 | |a Braid and knot theory in dimension four / |c Seiichi Kamada |
| 260 | |a Providence, RI : |b American Mathematical Society, |c 2002 | ||
| 300 | |a xiii, 313 σ.; |b εικ.; |c 26 εκ. | ||
| 490 | 1 | |a Mathematical surveys and monographs |v ; 95 | |
| 504 | |a Περιλαμβάνει βιβλιογραφικές παραπομπές (σ. 277-307) και ευρετήριο | ||
| 650 | 0 | 0 | |a Braid theory. |
| 650 | 0 | 0 | |a Knot theory. |
| 830 | 0 | |a Mathematical surveys and monographs ; |v ; 95 | |
| 852 | |a INST |b SAMOS |e 20071018 |h 514.224 KAM |p 005300028105 |q 005300028105 |t BK |y 0 | ||
| 901 | |a BIBL3-2007-3 | ||
| 909 | |a Σ |b 139263 | ||
| 922 | |a 3ΕΛΗ |b 200709 |c ΕΠΕΑΕΚ2/ΤΜΗΜΑ ΜΑΘΗΜΑΤΙΚΩΝ |d ΠΑΠΑΣΩΤΗΡΙΟΥ | ||
| 970 | |a ΡΟΥΣΣΟΥ |b ΚΩΝΣΤΑΝΤΙΝΑ |z 2007/10/18 | ||